000
00301nam a22001337a 4500
008
170612b xxu||||| |||| 00| 0 eng d
020
_a
9789948148593
041
_a
eng
080
_a
32
100
_a
19
101
_a
SHP
245
_a
PROSPECTS FOR THE AMERICAN AGE
_c
SUWAIDI, J.S
942
_2
udc
_c
BK
999
_c
16881
_d
16881